Départements les moins peuplés - Statistiques

Statistiques générales
  • Ce quiz a été pris 46 fois
  • Le résultat moyen est 6 sur 10
Statistiques - réponses
# Département % Correct
115.529 Creuse
86%
76.503 Lozère
77%
144.399 Cantal
70%
166.045 Corse-du-Sud
63%
155.339 Ariège
60%
140.082 Territoire de Belfort
60%
141.677 Hautes-Alpes
58%
175.620 Lot
58%
167.179 Alpes-de-Haute-Provence
44%
169.865 Haute-Marne
37%
Aucun quiz correspondant
Distribution des résultats
% des personnes avec chaque résultat
Percentile par nombre de réponses
Votre historique - résultats
Vous n’avez pas pris ce quiz